| 000 | 00368nam a2200145Ia 4500 | ||
|---|---|---|---|
| 008 | 240624s9999 xx 000 0 und d | ||
| 041 | _aeng | ||
| 082 | _a425 DEV | ||
| 100 | _aDEV ANJANA NEIRA | ||
| 245 | _aCREATIVE WRITING A BEGINNER S MANUAL | ||
| 250 | _a11 | ||
| 260 |
_c2009 _aDelhi _bPearson Longman |
||
| 300 | _axii, : 224 : p. : cm. ; 24 | ||
| 365 |
_cRS _b30 |
||
| 999 |
_c17862 _d17862 |
||